Normal view
MARC view
Entry Personal Name
001 - CONTROL NUMBER
- control field: 264318
003 - CONTROL NUMBER IDENTIFIER
- control field: OSt
005 - DATE AND TIME OF LATEST TRANSACTION
- control field: 20260522111250.0
008 - FIXED-LENGTH DATA ELEMENTS
- fixed length control field: 260522|| aca||aabn | a|a d
040 ## - CATALOGING SOURCE
- Original cataloging agency: OSt
- Transcribing agency: OSt
100 ## - HEADING--PERSONAL NAME
- Personal name: DISOJA (Edvin J F)
- Dates associated with a name: ಡಿಸೋಜಾ (ಎಡ್ವಿನ್ ಜೆ ಎಫ್)
670 ## - SOURCE DATA FOUND
- Source citation: Work cat.: (OSt)138981: DISOJA (Edvin J F) ಡಿಸೋಜಾ (ಎಡ್ವಿನ್ ಜೆ ಎಫ್), Majya vodtantle gulob, 1995